Les marteaux en image - Statistiques

Statistiques générales
  • Ce quiz a été pris 6 fois
  • Le résultat moyen est 2 sur 23
Statistiques - réponses
Par images Réponse % Correct
Marteau {piolet}
67%
Marteau de {chaudronnier}
33%
Marteau de {couvreur}
33%
Marteau de {mécanicien}
33%
Marteau de {mineur}
33%
Marteau de {tapissier}
33%
Marteau à {ciseler}
0%
Marteau à {piquer} les soudures
0%
Marteau à {placage}
0%
Marteau à {réflexes}
0%
Marteau {arrache-clou}
0%
Marteau d'{accordeur}
0%
Marteau de bottier
0%
Marteau de {carrier}
0%
Marteau de {géologue}
0%
Marteau d'{électricien}
0%
Marteau de {maçon}
0%
Marteau de {maréchal}
0%
Marteau de {menuisier}
0%
Marteau de {président}
0%
Marteau de {tailleur de pierre}
0%
Marteau de {vitrier}
0%
Marteau {postillon}
0%
Aucun quiz correspondant
Distribution des résultats
% des personnes avec chaque résultat
Percentile par nombre de réponses
Votre historique - résultats
Vous n’avez pas pris ce quiz